[Event "DVM U16w 2023"]
[Site "Magdeburg GER"]
[Date "2023.12.29"]
[Round "5"]
[White "Kern, Jennifer"]
[Black "Göb, Franziska"]
[Result "1/2-1/2"]
[Termination "normal"]
[Board "9.1"]
[WhiteElo "1363"]
[BlackElo "1316"]
[WhiteClock "00:23:02"]
[BlackClock "00:20:01"]
[WhiteTeam "SC Bad Dürkheim-Wachenheim"]
[BlackTeam "SG Porz 2"]
[PlyCount "42"]
[WhiteFideId "16251350"]
[BlackFideId "16293177"]
[EventCountry "GER"]
[EventRounds "7"]
[EventType "team-swiss"]
[EventDate "2023.12.26"]

1. d4 {[%clk 01:30:57]} {[%emt 00:00:03]} d5 {[%clk 01:30:54]} {[%emt
00:00:05]} 2. c4 {[%clk 01:31:23]} {[%emt 00:00:05]} c6 {[%clk 01:31:19]}
{[%emt 00:00:05]} 3. Nf3 {[%clk 01:31:14]} {[%emt 00:00:39]} Nf6 {[%clk
01:30:44]} {[%emt 00:01:05]} 4. g3 {[%clk 01:31:21]} {[%emt 00:00:23]} Bf5
{[%clk 01:28:53]} {[%emt 00:02:20]} 5. Nc3 {[%clk 01:29:59]} {[%emt 00:01:54]}
Qb6 {[%clk 01:16:31]} {[%emt 00:12:50]} 6. Qb3 {[%clk 01:22:09]} {[%emt
00:08:22]} Qxb3 {[%clk 01:13:07]} {[%emt 00:03:53]} 7. axb3 {[%clk 01:22:27]}
{[%emt 00:00:12]} h6 {[%clk 01:09:17]} {[%emt 00:04:20]} 8. e3 {[%clk
01:17:46]} {[%emt 00:05:12]} e6 {[%clk 01:05:05]} {[%emt 00:04:40]} 9. Bg2
{[%clk 01:13:05]} {[%emt 00:05:12]} Nbd7 {[%clk 01:01:52]} {[%emt 00:03:42]}
10. O-O {[%clk 01:11:58]} {[%emt 00:01:38]} Be7 {[%clk 01:00:12]} {[%emt
00:02:09]} 11. Re1 {[%clk 01:11:13]} {[%emt 00:01:16]} O-O {[%clk 00:56:58]}
{[%emt 00:03:43]} 12. Nd2 {[%clk 01:07:06]} {[%emt 00:04:38]} Rfd8 {[%clk
00:50:47]} {[%emt 00:06:38]} 13. c5 {[%clk 01:04:22]} {[%emt 00:03:17]} e5
{[%clk 00:44:48]} {[%emt 00:06:28]} 14. b4 {[%clk 01:02:49]} {[%emt 00:02:04]}
a6 {[%clk 00:35:49]} {[%emt 00:09:29]} 15. Nb3 {[%clk 01:00:50]} {[%emt
00:02:29]} e4 {[%clk 00:34:10]} {[%emt 00:02:08]} 16. Na5 {[%clk 00:53:31]}
{[%emt 00:07:49]} Rab8 {[%clk 00:32:51]} {[%emt 00:01:47]} 17. Bd2 {[%clk
00:49:58]} {[%emt 00:04:04]} Rdc8 {[%clk 00:31:40]} {[%emt 00:01:42]} 18. Nb3
{[%clk 00:40:54]} {[%emt 00:09:34]} Ra8 {[%clk 00:27:02]} {[%emt 00:05:08]} 19.
Na4 {[%clk 00:34:27]} {[%emt 00:06:58]} Rab8 {[%clk 00:25:09]} {[%emt
00:02:21]} 20. Bf1 {[%clk 00:32:37]} {[%emt 00:02:21]} Nh7 {[%clk 00:20:01]}
{[%emt 00:05:37]} 21. Bg2 {[%clk 00:23:02]} {[%emt 00:10:05]} Nhf6 {[%emt
00:13:01]} 1/2-1/2

[Event "DVM U16w 2023"]
[Site "Magdeburg GER"]
[Date "2023.12.29"]
[Round "5"]
[White "Vogt, Luna"]
[Black "Melnyk, Viktoria"]
[Result "1-0"]
[Termination "normal"]
[Board "9.2"]
[WhiteElo "1347"]
[BlackElo "989"]
[WhiteClock "01:25:18"]
[BlackClock "00:30:30"]
[WhiteTeam "SG Porz 2"]
[BlackTeam "SC Bad Dürkheim-Wachenheim"]
[PlyCount "47"]
[WhiteFideId "34607153"]
[BlackFideId "34674381"]
[EventCountry "GER"]
[EventRounds "7"]
[EventType "team-swiss"]
[EventDate "2023.12.26"]

1. d4 {[%clk 01:30:58]} {[%emt 00:00:02]} d5 {[%clk 01:30:52]} {[%emt
00:00:09]} 2. c4 {[%clk 01:31:21]} {[%emt 00:00:06]} e6 {[%clk 01:31:11]}
{[%emt 00:00:10]} 3. Nc3 {[%clk 01:31:46]} {[%emt 00:00:05]} Bb4 {[%clk
01:30:45]} {[%emt 00:00:55]} 4. Nf3 {[%clk 01:31:53]} {[%emt 00:00:24]} Nf6
{[%clk 01:29:42]} {[%emt 00:01:33]} 5. Bd2 {[%clk 01:30:51]} {[%emt 00:01:31]}
O-O {[%clk 01:28:27]} {[%emt 00:01:46]} 6. e3 {[%clk 01:30:54]} {[%emt
00:00:28]} Bxc3 {[%clk 01:24:24]} {[%emt 00:04:34]} 7. Bxc3 {[%clk 01:31:08]}
{[%emt 00:00:15]} Nc6 {[%clk 01:20:11]} {[%emt 00:04:43]} 8. Bd3 {[%clk
01:30:05]} {[%emt 00:01:33]} b6 {[%clk 01:16:21]} {[%emt 00:04:21]} 9. Qc2
{[%clk 01:29:58]} {[%emt 00:00:36]} g6 {[%clk 01:08:00]} {[%emt 00:08:50]} 10.
O-O {[%clk 01:30:00]} {[%emt 00:00:28]} Ne7 {[%clk 01:05:05]} {[%emt 00:03:24]}
11. e4 {[%clk 01:28:26]} {[%emt 00:02:04]} c5 {[%clk 00:54:01]} {[%emt
00:11:34]} 12. dxc5 {[%clk 01:26:59]} {[%emt 00:01:58]} bxc5 {[%clk 00:54:09]}
{[%emt 00:00:21]} 13. Bxf6 {[%clk 01:27:19]} {[%emt 00:00:11]} dxe4 {[%clk
00:44:29]} {[%emt 00:10:09]} 14. Bxe4 {[%clk 01:27:14]} {[%emt 00:00:35]} Rb8
{[%clk 00:44:38]} {[%emt 00:00:21]} 15. Qc1 {[%clk 01:25:56]} {[%emt 00:01:46]}
g5 {[%clk 00:34:24]} {[%emt 00:10:46]} 16. Qxg5+ {[%clk 01:25:33]} {[%emt
00:00:53]} Ng6 {[%clk 00:34:21]} {[%emt 00:00:33]} 17. Bxd8 {[%clk 01:25:35]}
{[%emt 00:00:28]} f5 {[%clk 00:32:46]} {[%emt 00:02:05]} 18. Ne5 {[%clk
01:24:41]} {[%emt 00:01:24]} Kg7 {[%clk 00:32:03]} {[%emt 00:01:11]} 19. Nxg6
{[%clk 01:24:49]} {[%emt 00:00:24]} hxg6 {[%clk 00:32:17]} {[%emt 00:00:14]}
20. Bf3 {[%clk 01:24:05]} {[%emt 00:01:14]} Rh8 {[%clk 00:31:02]} {[%emt
00:01:44]} 21. Bf6+ {[%clk 01:24:12]} {[%emt 00:00:25]} Kg8 {[%clk 00:30:58]}
{[%emt 00:00:35]} 22. Qxg6+ {[%clk 01:24:28]} {[%emt 00:00:13]} Kf8 {[%clk
00:30:43]} {[%emt 00:00:44]} 23. Qg7+ {[%clk 01:24:52]} {[%emt 00:00:07]} Ke8
{[%clk 00:30:30]} {[%emt 00:00:43]} 24. Bc6+ {[%clk 01:25:18]} {[%emt
00:00:04]} 1-0

[Event "DVM U16w 2023"]
[Site "Magdeburg GER"]
[Date "2023.12.29"]
[Round "5"]
[White "Dzutseva, Alana"]
[Black "Popovidou, Laura"]
[Result "0-1"]
[Termination "normal"]
[Board "9.3"]
[WhiteElo "897"]
[BlackElo "1021"]
[WhiteClock "01:26:55"]
[BlackClock "01:29:28"]
[WhiteTeam "SC Bad Dürkheim-Wachenheim"]
[BlackTeam "SG Porz 2"]
[PlyCount "74"]
[WhiteFideId "34674365"]
[BlackFideId "16255836"]
[EventCountry "GER"]
[EventRounds "7"]
[EventType "team-swiss"]
[EventDate "2023.12.26"]

1. e4 {[%clk 01:30:58]} {[%emt 00:00:02]} e6 {[%clk 01:30:56]} {[%emt
00:00:05]} 2. d4 {[%clk 01:31:22]} {[%emt 00:00:06]} d5 {[%clk 01:31:19]}
{[%emt 00:00:06]} 3. e5 {[%clk 01:31:46]} {[%emt 00:00:05]} c5 {[%clk
01:31:42]} {[%emt 00:00:06]} 4. c3 {[%clk 01:31:37]} {[%emt 00:00:39]} Nc6
{[%clk 01:31:54]} {[%emt 00:00:18]} 5. Nf3 {[%clk 01:31:32]} {[%emt 00:00:34]}
Qb6 {[%emt 00:00:53]} 6. Be3 {[%clk 01:31:30]} {[%emt 00:00:02]} cxd4 {[%clk
01:29:43]} {[%emt 00:02:50]} 7. cxd4 {[%clk 01:29:57]} {[%emt 00:02:03]} Qxb2
{[%clk 01:29:52]} {[%emt 00:00:21]} 8. Nbd2 {[%clk 01:26:55]} {[%emt 00:03:32]}
Bb4 {[%clk 01:29:28]} {[%emt 00:00:54]} 9. Qc1 Qxc1+ {[%clk 01:29:28]} 10. Rxc1
a6 {[%clk 01:29:28]} 11. Bd3 Nge7 {[%clk 01:29:28]} 12. O-O O-O {[%clk
01:29:28]} 13. Nb3 f6 {[%clk 01:29:28]} 14. exf6 Rxf6 {[%clk 01:29:28]} 15. Bg5
Rf8 {[%clk 01:29:28]} 16. Ne5 Nxe5 {[%clk 01:29:28]} 17. dxe5 Ng6 {[%clk
01:29:28]} 18. a3 Bxa3 {[%clk 01:29:28]} 19. Rce1 Bd7 {[%clk 01:29:28]} 20.
Bxg6 Bb5 {[%clk 01:29:28]} 21. Bc2 Bxf1 {[%clk 01:29:28]} 22. Kxf1 Rac8 {[%clk
01:29:28]} 23. Bb1 b5 {[%clk 01:29:28]} 24. Nd4 Bb4 {[%clk 01:29:28]} 25. Rc1
Rxc1+ {[%clk 01:29:28]} 26. Bxc1 Bc5 {[%clk 01:29:28]} 27. Nxe6 Rxf2+ {[%clk
01:29:28]} 28. Ke1 Bb6 {[%clk 01:29:28]} 29. Ba3 Rxg2 {[%clk 01:29:28]} 30. Bd3
Ba5+ {[%clk 01:29:28]} 31. Kf1 Rd2 {[%clk 01:29:28]} 32. Nc5 b4 {[%clk
01:29:28]} 33. e6 bxa3 {[%clk 01:29:28]} 34. Nb3 Rxd3 {[%clk 01:29:28]} 35. Nc1
Re3 {[%clk 01:29:28]} 36. Kf2 Rxe6 {[%clk 01:29:28]} 37. Nb3 Bc3 {[%clk
01:29:28]} 0-1

[Event "DVM U16w 2023"]
[Site "Magdeburg GER"]
[Date "2023.12.29"]
[Round "5"]
[White "Brandt, Hilda"]
[Black "Dzutseva, Dana"]
[Result "0-1"]
[Termination "normal"]
[Board "9.4"]
[WhiteElo "836"]
[BlackElo "797"]
[WhiteClock "01:23:47"]
[BlackClock "01:10:10"]
[WhiteTeam "SG Porz 2"]
[BlackTeam "SC Bad Dürkheim-Wachenheim"]
[PlyCount "68"]
[WhiteFideId "34636447"]
[BlackFideId "34674373"]
[EventCountry "GER"]
[EventRounds "7"]
[EventType "team-swiss"]
[EventDate "2023.12.26"]

1. d4 {[%clk 01:30:57]} {[%emt 00:00:03]} d5 {[%clk 01:30:52]} {[%emt
00:00:07]} 2. Nc3 {[%clk 01:31:16]} {[%emt 00:00:12]} Nf6 {[%clk 01:31:05]}
{[%emt 00:00:17]} 3. Bf4 {[%clk 01:31:34]} {[%emt 00:00:13]} a6 {[%clk
01:31:25]} {[%emt 00:00:10]} 4. Nf3 {[%clk 01:31:50]} {[%emt 00:00:14]} e6
{[%clk 01:31:39]} {[%emt 00:00:16]} 5. g3 {[%clk 01:32:02]} {[%emt 00:00:17]}
Bd6 {[%clk 01:31:59]} {[%emt 00:00:10]} 6. Bxd6 {[%clk 01:32:03]} {[%emt
00:00:28]} Qxd6 {[%clk 01:32:20]} {[%emt 00:00:09]} 7. Bg2 {[%clk 01:31:53]}
{[%emt 00:00:41]} O-O {[%clk 01:31:28]} {[%emt 00:01:21]} 8. O-O {[%clk
01:32:12]} {[%emt 00:00:11]} c5 {[%clk 01:31:42]} {[%emt 00:00:16]} 9. e3
{[%clk 01:31:26]} {[%emt 00:01:16]} Nc6 {[%clk 01:31:24]} {[%emt 00:00:48]} 10.
Qd3 {[%clk 01:31:37]} {[%emt 00:00:17]} h6 {[%clk 01:28:59]} {[%emt 00:02:57]}
11. b3 {[%clk 01:31:03]} {[%emt 00:01:07]} e5 {[%clk 01:28:10]} {[%emt
00:01:17]} 12. dxe5 {[%clk 01:30:19]} {[%emt 00:01:15]} Nxe5 {[%clk 01:28:26]}
{[%emt 00:00:14]} 13. Nxe5 {[%clk 01:30:20]} {[%emt 00:00:27]} Qxe5 {[%clk
01:28:30]} {[%emt 00:00:27]} 14. Bxd5 {[%clk 01:30:36]} {[%emt 00:00:14]} Be6
{[%clk 01:27:39]} {[%emt 00:01:21]} 15. Bxb7 {[%clk 01:30:19]} {[%emt
00:00:48]} Rad8 {[%clk 01:26:52]} {[%emt 00:01:16]} 16. Qxa6 {[%clk 01:30:31]}
{[%emt 00:00:19]} Qxc3 {[%clk 01:26:53]} {[%emt 00:00:27]} 17. Rac1 {[%clk
01:29:48]} {[%emt 00:01:13]} Bc8 {[%clk 01:25:57]} {[%emt 00:01:27]} 18. Rfd1
{[%clk 01:29:23]} {[%emt 00:00:56]} Bxb7 {[%clk 01:23:38]} {[%emt 00:02:48]}
19. Qxb7 {[%clk 01:29:22]} {[%emt 00:00:32]} Rxd1+ {[%clk 01:22:15]} {[%emt
00:01:53]} 20. Rxd1 {[%clk 01:29:32]} {[%emt 00:00:20]} Qxc2 {[%clk 01:21:16]}
{[%emt 00:01:27]} 21. Ra1 {[%clk 01:28:55]} {[%emt 00:01:10]} Ng4 {[%clk
01:20:49]} {[%emt 00:00:56]} 22. Qf3 {[%clk 01:29:02]} {[%emt 00:00:21]} Ne5
{[%clk 01:20:03]} {[%emt 00:01:17]} 23. Qf4 {[%clk 01:29:03]} {[%emt 00:00:28]}
Nd3 {[%clk 01:18:57]} {[%emt 00:01:39]} 24. Qf3 {[%clk 01:29:08]} {[%emt
00:00:24]} Re8 {[%clk 01:18:03]} {[%emt 00:01:24]} 25. Rd1 {[%clk 01:25:19]}
{[%emt 00:04:17]} Re6 {[%clk 01:16:18]} {[%emt 00:02:17]} 26. Qf5 {[%clk
01:24:26]} {[%emt 00:01:21]} Qxd1+ {[%clk 01:16:05]} {[%emt 00:00:47]} 27. Kg2
{[%clk 01:24:15]} {[%emt 00:00:41]} Ne5 {[%clk 01:15:17]} {[%emt 00:01:18]} 28.
f4 {[%clk 01:23:48]} {[%emt 00:00:56]} Ng6 {[%clk 01:13:21]} {[%emt 00:02:26]}
29. Qxc5 {[%emt 00:00:55]} Qe2+ {[%clk 01:12:20]} {[%emt 00:01:02]} 30. Kh3
{[%clk 01:23:53]} {[%emt 00:00:28]} Qxe3 {[%clk 01:12:05]} {[%emt 00:00:46]}
31. Qc8+ {[%clk 01:24:03]} {[%emt 00:00:21]} Kh7 {[%clk 01:11:47]} {[%emt
00:00:48]} 32. b4 {[%clk 01:23:42]} {[%emt 00:00:50]} Nxf4+ {[%clk 01:11:28]}
{[%emt 00:00:49]} 33. Kh4 {[%clk 01:23:36]} {[%emt 00:00:36]} Qf3 {[%clk
01:10:11]} {[%emt 00:01:47]} 34. g4 {[%clk 01:23:47]} {[%emt 00:00:19]} Qh3#
{[%clk 01:10:10]} {[%emt 00:00:30]} 0-1

[Event "DVM U16w 2023"]
[Site "Magdeburg GER"]
[Date "2023.12.29"]
[Round "5"]
[White "Fettan, Nua"]
[Black "Lohrmann, Flavia"]
[Result "1-0"]
[Termination "normal"]
[Board "10.1"]
[WhiteElo "1267"]
[BlackElo "1096"]
[WhiteClock "00:35:47"]
[BlackClock "00:58:25"]
[WhiteTeam "Hamburger SK 1830 2"]
[BlackTeam "SK Freiburg-Zähringen 1887"]
[PlyCount "63"]
[WhiteFideId "34637362"]
[BlackFideId "12982865"]
[EventCountry "GER"]
[EventRounds "7"]
[EventType "team-swiss"]
[EventDate "2023.12.26"]

1. e4 {[%clk 01:30:59]} {[%emt 00:00:01]} e5 {[%clk 01:30:54]} {[%emt
00:00:07]} 2. Nf3 {[%clk 01:31:24]} {[%emt 00:00:05]} Nc6 {[%clk 01:31:15]}
{[%emt 00:00:08]} 3. d4 {[%clk 01:31:44]} {[%emt 00:00:10]} exd4 {[%clk
01:28:06]} {[%emt 00:03:40]} 4. Nxd4 {[%clk 01:32:06]} {[%emt 00:00:07]} Nf6
{[%clk 01:27:42]} {[%emt 00:00:53]} 5. Nc3 {[%clk 01:32:08]} {[%emt 00:00:30]}
d5 {[%clk 01:26:44]} {[%emt 00:01:27]} 6. Nxc6 {[%clk 01:22:03]} {[%emt
00:10:34]} bxc6 {[%clk 01:26:35]} {[%emt 00:00:39]} 7. exd5 {[%clk 01:21:40]}
{[%emt 00:00:55]} cxd5 {[%clk 01:26:28]} {[%emt 00:00:35]} 8. Bg5 {[%clk
01:19:50]} {[%emt 00:02:20]} c6 {[%clk 01:22:13]} {[%emt 00:04:46]} 9. Bd3
{[%clk 01:17:27]} {[%emt 00:02:51]} Bc5 {[%clk 01:21:50]} {[%emt 00:00:54]} 10.
O-O {[%clk 01:17:21]} {[%emt 00:00:37]} O-O {[%clk 01:22:05]} {[%emt 00:00:14]}
11. Qf3 {[%clk 01:15:45]} {[%emt 00:02:03]} Be7 {[%clk 01:21:20]} {[%emt
00:01:18]} 12. Rfe1 {[%clk 01:14:50]} {[%emt 00:01:26]} Be6 {[%clk 01:19:10]}
{[%emt 00:02:39]} 13. h3 {[%clk 01:09:05]} {[%emt 00:06:16]} d4 {[%clk
01:18:30]} {[%emt 00:01:08]} 14. Ne4 {[%clk 01:06:33]} {[%emt 00:02:59]} Nxe4
{[%clk 01:17:47]} {[%emt 00:01:17]} 15. Bxe7 {[%clk 01:06:54]} {[%emt
00:00:08]} Qxe7 {[%clk 01:18:05]} {[%emt 00:00:11]} 16. Qxe4 {[%clk 01:07:01]}
{[%emt 00:00:24]} g6 {[%clk 01:17:22]} {[%emt 00:01:14]} 17. Qxc6 {[%clk
01:03:34]} {[%emt 00:03:57]} Rfc8 {[%clk 01:16:17]} {[%emt 00:01:34]} 18. Qa6
{[%clk 00:59:58]} {[%emt 00:03:54]} Rab8 {[%clk 01:14:15]} {[%emt 00:02:45]}
19. Re2 {[%clk 00:56:13]} {[%emt 00:04:11]} Rb6 {[%clk 01:11:47]} {[%emt
00:03:01]} 20. Qxc8+ {[%clk 00:56:02]} {[%emt 00:00:43]} Kg7 {[%clk 01:11:01]}
{[%emt 00:01:15]} 21. Qa8 {[%emt 00:07:43]} Qg5 {[%clk 01:07:58]} {[%emt
00:01:06]} 22. Qe4 {[%clk 00:45:58]} {[%emt 00:05:25]} f6 {[%clk 01:05:33]}
{[%emt 00:03:18]} 23. Qf3 {[%clk 00:40:40]} {[%emt 00:05:35]} Bd7 {[%clk
01:04:09]} {[%emt 00:02:06]} 24. Re7+ {[%clk 00:38:02]} {[%emt 00:02:58]} Kh6
{[%clk 01:03:17]} {[%emt 00:01:31]} 25. Rxd7 {[%clk 00:37:08]} {[%emt
00:01:26]} Rxb2 {[%clk 00:59:39]} {[%emt 00:04:07]} 26. Qg3 {[%clk 00:34:48]}
{[%emt 00:02:40]} Qh5 {[%clk 00:58:46]} {[%emt 00:01:33]} 27. Qf4+ {[%clk
00:34:46]} {[%emt 00:00:29]} Qg5 {[%clk 00:58:33]} {[%emt 00:00:45]} 28. Qxg5+
{[%clk 00:35:00]} {[%emt 00:00:17]} fxg5 {[%clk 00:58:55]} {[%emt 00:00:07]}
29. Re1 {[%clk 00:34:56]} {[%emt 00:00:35]} Rb6 {[%clk 00:59:13]} {[%emt
00:00:12]} 30. Ree7 {[%clk 00:35:14]} {[%emt 00:00:12]} g4 {[%clk 00:59:16]}
{[%emt 00:00:27]} 31. h4 {[%clk 00:35:36]} {[%emt 00:00:08]} Kh5 {[%clk
00:58:25]} {[%emt 00:01:23]} 32. Rxh7# {[%clk 00:35:47]} {[%emt 00:00:18]} 1-0

[Event "DVM U16w 2023"]
[Site "Magdeburg GER"]
[Date "2023.12.29"]
[Round "5"]
[White "Nehrukumar, Snikitha"]
[Black "Abram, Kristina-Maria"]
[Result "1/2-1/2"]
[Termination "normal"]
[Board "10.2"]
[WhiteElo "1019"]
[BlackElo "1192"]
[WhiteClock "01:06:15"]
[BlackClock "01:07:50"]
[WhiteTeam "SK Freiburg-Zähringen 1887"]
[BlackTeam "Hamburger SK 1830 2"]
[PlyCount "44"]
[WhiteFideId "34660569"]
[BlackFideId "16298349"]
[EventCountry "GER"]
[EventRounds "7"]
[EventType "team-swiss"]
[EventDate "2023.12.26"]

1. e4 {[%clk 01:30:57]} {[%emt 00:00:02]} e6 {[%clk 01:30:47]} {[%emt
00:00:15]} 2. d4 {[%clk 01:31:01]} {[%emt 00:00:26]} d5 {[%clk 01:31:07]}
{[%emt 00:00:10]} 3. exd5 {[%clk 01:31:18]} {[%emt 00:00:13]} exd5 {[%clk
01:31:29]} {[%emt 00:00:08]} 4. Nc3 {[%clk 01:31:35]} {[%emt 00:00:13]} Nf6
{[%clk 01:31:50]} {[%emt 00:00:09]} 5. Nf3 {[%clk 01:31:52]} {[%emt 00:00:13]}
c5 {[%clk 01:32:02]} {[%emt 00:00:18]} 6. Be3 {[%clk 01:30:48]} {[%emt
00:01:34]} cxd4 {[%clk 01:30:41]} {[%emt 00:01:52]} 7. Bxd4 {[%clk 01:30:19]}
{[%emt 00:00:58]} Nc6 {[%clk 01:30:16]} {[%emt 00:00:54]} 8. Be2 {[%clk
01:26:56]} {[%emt 00:03:54]} Be7 {[%clk 01:29:46]} {[%emt 00:00:59]} 9. O-O
{[%clk 01:26:44]} {[%emt 00:00:44]} O-O {[%clk 01:30:11]} {[%emt 00:00:05]} 10.
Re1 {[%clk 01:26:09]} {[%emt 00:01:03]} Re8 {[%clk 01:29:57]} {[%emt 00:00:44]}
11. Bb5 {[%clk 01:23:46]} {[%emt 00:02:54]} a6 {[%clk 01:25:08]} {[%emt
00:05:20]} 12. Bxc6 {[%clk 01:23:33]} {[%emt 00:00:43]} bxc6 {[%clk 01:25:29]}
{[%emt 00:00:09]} 13. Na4 {[%clk 01:20:14]} {[%emt 00:03:50]} Rb8 {[%clk
01:20:40]} {[%emt 00:05:14]} 14. b3 {[%clk 01:18:34]} {[%emt 00:02:13]} Bg4
{[%clk 01:19:01]} {[%emt 00:02:08]} 15. Qd3 {[%clk 01:17:29]} {[%emt 00:01:34]}
Qc7 {[%clk 01:15:54]} {[%emt 00:03:32]} 16. h3 {[%clk 01:14:43]} {[%emt
00:03:23]} Bh5 {[%clk 01:15:55]} {[%emt 00:00:26]} 17. Re3 {[%clk 01:12:37]}
{[%emt 00:02:36]} c5 {[%clk 01:09:59]} {[%emt 00:06:28]} 18. Be5 {[%clk
01:10:19]} {[%emt 00:02:49]} Bd6 {[%clk 01:10:11]} {[%emt 00:00:17]} 19. Bxf6
{[%clk 01:07:50]} {[%emt 00:02:59]} gxf6 {[%clk 01:09:36]} {[%emt 00:01:05]}
20. Qxd5 {[%clk 01:07:30]} {[%emt 00:00:50]} Bg6 {[%clk 01:07:52]} {[%emt
00:02:15]} 21. Rae1 {[%clk 01:05:57]} {[%emt 00:02:04]} Rxe3 {[%clk 01:07:34]}
{[%emt 00:00:48]} 22. Rxe3 {[%clk 01:06:15]} {[%emt 00:00:11]} Bxc2 {[%clk
01:07:50]} {[%emt 00:00:14]} 1/2-1/2

[Event "DVM U16w 2023"]
[Site "Magdeburg GER"]
[Date "2023.12.29"]
[Round "5"]
[White "Blome, Antonia"]
[Black "Senthilkumar, Vasanthi"]
[Result "1-0"]
[Termination "normal"]
[Board "10.3"]
[WhiteElo "1209"]
[BlackElo "792"]
[WhiteClock "01:08:02"]
[BlackClock "01:25:19"]
[WhiteTeam "Hamburger SK 1830 2"]
[BlackTeam "SK Freiburg-Zähringen 1887"]
[PlyCount "67"]
[WhiteFideId "34630090"]
[BlackFideId "34682511"]
[EventCountry "GER"]
[EventRounds "7"]
[EventType "team-swiss"]
[EventDate "2023.12.26"]

1. e4 {[%clk 01:30:57]} {[%emt 00:00:03]} e5 {[%clk 01:30:48]} {[%emt
00:00:12]} 2. Nf3 {[%clk 01:31:18]} {[%emt 00:00:09]} Nc6 {[%clk 01:31:09]}
{[%emt 00:00:09]} 3. d4 {[%clk 01:31:39]} {[%emt 00:00:09]} d6 {[%clk
01:31:19]} {[%emt 00:00:20]} 4. dxe5 {[%clk 01:31:45]} {[%emt 00:00:25]} dxe5
{[%clk 01:31:30]} {[%emt 00:00:18]} 5. Qxd8+ {[%clk 01:32:06]} Nxd8 {[%clk
01:31:22]} {[%emt 00:00:20]} 6. Nxe5 {[%clk 01:31:05]} {[%emt 00:01:59]} Bd6
{[%clk 01:31:33]} 7. Nf3 {[%clk 01:30:22]} {[%emt 00:01:31]} Nf6 {[%emt
00:01:00]} 8. e5 {[%clk 01:28:41]} {[%emt 00:01:24]} Bxe5 {[%clk 01:31:23]}
{[%emt 00:00:57]} 9. Nxe5 {[%clk 01:27:33]} {[%emt 00:01:38]} O-O {[%clk
01:31:38]} {[%emt 00:00:16]} 10. f4 {[%clk 01:22:39]} {[%emt 00:05:23]} Bf5
{[%clk 01:31:08]} {[%emt 00:01:01]} 11. Bd3 {[%clk 01:21:37]} {[%emt 00:01:32]}
Bg6 {[%clk 01:31:20]} {[%emt 00:00:18]} 12. Nxg6 {[%clk 01:21:28]} {[%emt
00:00:39]} fxg6 {[%emt 00:00:36]} 13. O-O {[%clk 01:20:48]} {[%emt 00:00:51]}
Nc6 {[%clk 01:31:48]} {[%emt 00:00:14]} 14. Be3 {[%clk 01:19:37]} {[%emt
00:01:40]} Rae8 {[%clk 01:31:33]} {[%emt 00:00:44]} 15. Bc5 {[%clk 01:19:01]}
{[%emt 00:01:08]} b6 {[%clk 01:31:33]} {[%emt 00:00:30]} 16. Bxf8 {[%clk
01:19:24]} {[%emt 00:00:07]} Rxf8 {[%clk 01:31:45]} {[%emt 00:00:18]} 17. Nc3
{[%emt 00:01:00]} Ng4 {[%emt 00:01:10]} 18. h3 {[%clk 01:19:18]} {[%emt
00:00:18]} Ne3 {[%clk 01:31:08]} {[%emt 00:00:15]} 19. Rf3 {[%clk 01:19:38]}
{[%emt 00:00:10]} Re8 {[%clk 01:30:23]} {[%emt 00:01:15]} 20. g4 {[%clk
01:19:13]} {[%emt 00:00:52]} Nb4 {[%clk 01:30:25]} {[%emt 00:00:31]} 21. Re1
{[%clk 01:17:07]} Nc6 {[%clk 01:30:25]} 22. Rfxe3 {[%clk 01:17:07]} Rxe3 {[%clk
01:30:25]} 23. Rxe3 {[%clk 01:17:45]} {[%emt 00:04:46]} a6 {[%clk 01:29:26]}
{[%emt 00:00:40]} 24. Bxa6 {[%clk 01:17:50]} {[%emt 00:00:27]} Nb4 {[%clk
01:28:33]} {[%emt 00:01:21]} 25. Bd3 {[%clk 01:15:39]} {[%emt 00:02:44]} Kf8
{[%clk 01:27:03]} {[%emt 00:00:52]} 26. a3 {[%clk 01:13:54]} {[%emt 00:03:21]}
Nc6 {[%clk 01:26:47]} {[%emt 00:00:46]} 27. Nb5 {[%clk 01:07:13]} {[%emt
00:07:12]} Kg8 {[%clk 01:26:01]} {[%emt 00:01:14]} 28. Nxc7 {[%clk 01:07:19]}
{[%emt 00:00:26]} Nd8 {[%clk 01:25:13]} {[%emt 00:01:17]} 29. Re8+ {[%clk
01:07:33]} {[%emt 00:00:16]} Kf7 {[%clk 01:25:26]} {[%emt 00:00:17]} 30. Rxd8
{[%clk 01:07:39]} {[%emt 00:00:25]} Kf6 {[%clk 01:25:28]} {[%emt 00:00:28]} 31.
g5+ {[%clk 01:08:00]} {[%emt 00:00:09]} Kf7 {[%clk 01:25:40]} {[%emt 00:00:17]}
32. Re8 {[%clk 01:07:56]} {[%emt 00:00:33]} b5 {[%clk 01:25:19]} {[%emt
00:00:51]} 33. Bxb5 {[%clk 01:08:17]} {[%emt 00:00:09]} h6 {[%clk 01:25:19]}
{[%emt 00:00:30]} 34. Bc4# {[%clk 01:08:02]} {[%emt 00:00:04]} 1-0